Представление документа в формате MARC21

Поле Инд. ПП Название Значение
Тип записи a
Библиографический уровень m
001 Контрольный номер DU/614701282
005 Дата корректировки 20260205172120.7
008 Кодируемые данные 19980330
020 00 a ISBN 9785946480406
040 00 e Правила каталог. Л.М. 980330
041 0_ a Код языка текста rus
084 a Индекс другой классификации/Индекс ББК 88.566.1я73; 65.291.21я73
090 00 a Полочн. индекс 88.566.1я73
x Авторский знак Р 12
097 00 a 240
100 1_ a Автор Райгородский Д. Я.
q Полное имя Райгородский Даниил Яковлевич
245 00 a Заглавие Психология руководства
b Продолж. заглавия учебное пособие для факультетов психологических, экономических и менеджмента
260 00 a Место издания Самара
b Издательство БАХРАХ-М
c Дата издания 2005
300 00 a Объем 768 с.
336 a Термин вида содержания Текст
337 a Термин типа средства непосредственный
440 _0 a Серия Менеджмент
505 0_ a Форматированное содержание Руководство вашим коллективом
b Автор Смит Р.
505 0_ a Форматированное содержание Руководство: власть и личное влияние
b Автор Мескон М. С.
b Автор Альберт И.
b Автор Хедоури Ф.
505 0_ a Форматированное содержание Руководство в менеджменте
b Автор Зайцева О. А.
505 0_ a Форматированное содержание Успешно действующий руководитель: что он собой представляет?
b Автор Кенджеми Дж.
b Автор Ковальски К. Дж.
505 0_ a Форматированное содержание Использование руководителем власти личного авторитета или власти законных полномочий
b Автор Кенджеми Дж.
505 0_ a Форматированное содержание Значение власти и влияния при управлении персоналом
b Автор Кочеткова А. Н.
505 0_ a Форматированное содержание Требования к руководителю
b Автор Вудкок М.
505 0_ a Форматированное содержание Женщина-руководитель
b Автор Фрей К.
b Автор Кюмбель Б.
505 0_ a Форматированное содержание Великолепная десятка
b Автор Власова Н.
505 0_ a Форматированное содержание Типы руководителей - стили управления
b Автор Некрасов Н. А.
505 0_ a Форматированное содержание Определение лидерства
b Автор Зуб С. Т.
b Автор Смирнов С. Г.
505 0_ a Форматированное содержание Лидерство
b Автор Кудряшова Е. В.
505 0_ a Форматированное содержание Лидерство: стиль, ситуация и эффективность
b Автор Мескон М. Х.
b Автор Альберт И.
b Автор Хедоури Ф.
505 0_ a Форматированное содержание Лидерство
b Автор Виханский О. С.
b Автор Наумов А. И.
505 0_ a Форматированное содержание Лидерство
b Автор Дункан У. Дж.
505 0_ a Форматированное содержание Психология лидерства
b Автор Ладанов И. Д.
505 0_ a Форматированное содержание Принципы персонального лидерства
b Автор Кови С. Р.
505 0_ a Форматированное содержание В чем сущность лидерства? Готовность к риску в рыночной экономике
b Автор Аделл Ч.
505 0_ a Форматированное содержание Американское лидерство: команды и игры
b Автор Лазарус Г.
505 0_ a Форматированное содержание Новая работа лидеров
b Автор Сенге П. М.
505 0_ a Форматированное содержание Мотив власти
b Автор Хекхаузен Х.
505 0_ a Форматированное содержание Зов власти
b Автор Хорни К.
505 0_ a Форматированное содержание Борьба за признание и власть
b Автор Шибутани Т.
505 0_ a Форматированное содержание Стремление к власти как мотив принятия решений
b Автор Хейнбах С. Е.
505 0_ a Форматированное содержание Мотивация управленческой деятельности
b Автор Розанова В. А.
521 0_ a Примеч. о целев. назн. студенты
650 04 a Основная рубрика менеджмент (управление предприятием)
a Основная рубрика психология
a Основная рубрика психология управления
a Основная рубрика социальная психология
653 00 a Ключевые слова XX век
a Ключевые слова XXI век
a Ключевые слова власть
a Ключевые слова группы
a Ключевые слова женский вопрос
a Ключевые слова женщина-руководитель
a Ключевые слова игры
a Ключевые слова индивидуальная психология
a Ключевые слова коллектив
a Ключевые слова лидерство
a Ключевые слова лидеры
a Ключевые слова личное влияние
a Ключевые слова личность
a Ключевые слова личный авторитет
a Ключевые слова менеджеры
a Ключевые слова мотивация власти
a Ключевые слова мышление
a Ключевые слова образование
a Ключевые слова общество
a Ключевые слова организации
a Ключевые слова партнерство
a Ключевые слова подготовка персонала
a Ключевые слова предприятие
a Ключевые слова принятие решений
a Ключевые слова риски
a Ключевые слова руководители
a Ключевые слова руководство
a Ключевые слова рыночная экономика
a Ключевые слова системы управления
a Ключевые слова стиль руководства
a Ключевые слова стиль управления
a Ключевые слова теория руководства
a Ключевые слова типы руководителя
a Ключевые слова управление персоналом
a Ключевые слова управление эмоциями
a Ключевые слова управленческая деятельность
655 a Жанр/ форма (устаревшее) учебное пособие
901 t Тип документа m
952 a Тип литературы для КСУ ВШ УИ